Социальная память в коммуникативном пространстве современного общества как ресурс коллективной идентичности; Политическое пространство и социальное время

Bibliografiske detaljer
Parent link:Политическое пространство и социальное время.— 2016.— [С. 112-115]
Hovedforfatter: Лойко О. Т. Ольга Тимофеевна
Institution som forfatter: Национальный исследовательский Томский политехнический университет (ТПУ)
Andre forfattere: Дементьева С. В. Светлана Валерьевна
Summary:Заглавие с экрана
Работа раскрывает функции социальной памяти как ресурса формирования коллективной идентичности в коммуникативном пространстве современного общества. Определены причины усугубления дискретности коллективной идентичности в информационном обществе.
Режим доступа: по договору с организацией-держателем ресурса
Sprog:russisk
Udgivet: 2016
Fag:
Online adgang:http://elibrary.ru/item.asp?id=26897141
Format: MixedMaterials Electronisk Book Chapter
KOHA link:https://koha.lib.tpu.ru/cgi-bin/koha/opac-detail.pl?biblionumber=654438

MARC

LEADER 00000naa0a2200000 4500
001 654438
005 20250911091659.0
035 |a (RuTPU)RU\TPU\network\20033 
035 |a RU\TPU\network\11203 
090 |a 654438 
100 |a 20170426d2016 k||y0rusy50 ca 
101 0 |a rus 
102 |a RU 
105 |a a z 101zy 
135 |a drgn ---uucaa 
181 0 |a i  
182 0 |a b 
200 1 |a Социальная память в коммуникативном пространстве современного общества как ресурс коллективной идентичности  |f О. Т. Лойко, С. В. Дементьева 
203 |a Текст  |c электронный 
300 |a Заглавие с экрана 
330 |a Работа раскрывает функции социальной памяти как ресурса формирования коллективной идентичности в коммуникативном пространстве современного общества. Определены причины усугубления дискретности коллективной идентичности в информационном обществе. 
333 |a Режим доступа: по договору с организацией-держателем ресурса 
463 1 |t Политическое пространство и социальное время  |o сборник трудов конференции, Ялта, 12-16 мая 2015 г.  |v [С. 112-115]  |d 2016 
610 1 |a электронный ресурс 
610 1 |a труды учёных ТПУ 
610 1 |a социальная память 
610 1 |a коммуникативное пространство 
610 1 |a современное ообщество 
610 1 |a коллективная идентичность 
610 1 |a ресурс 
700 1 |a Лойко  |b О. Т.  |c специалист в области культурологии и социальной коммуникации  |c профессор Томского политехнического университета, доктор философских наук  |f 1949-  |g Ольга Тимофеевна  |3 (RuTPU)RU\TPU\pers\24646 
701 1 |a Дементьева  |b С. В.  |c специалист в области социальной философии и международного права  |c доцент Томского политехнического университета, кандидат философских наук  |f 1974-  |g Светлана Валерьевна  |3 (RuTPU)RU\TPU\pers\24730 
712 0 2 |a Национальный исследовательский Томский политехнический университет (ТПУ)  |c (2009- )  |3 (RuTPU)RU\TPU\col\15902 
801 1 |a RU  |b 63413507  |c 20101016 
801 2 |a RU  |b 63413507  |c 20170426  |g RCR 
856 4 |u http://elibrary.ru/item.asp?id=26897141 
942 |c CF